Chemistry for Environmental Engineering and Science (Record no. 17132)
[ view plain ]
| 000 -LEADER | |
|---|---|
| fixed length control field | 00572nam a22001817a 4500 |
| 008 - FIXED-LENGTH DATA ELEMENTS--GENERAL INFORMATION | |
| fixed length control field | 180814b xxu||||| |||| 00| 0 eng d |
| 020 ## - INTERNATIONAL STANDARD BOOK NUMBER | |
| International Standard Book Number | 0071230459 |
| 050 ## - LIBRARY OF CONGRESS CALL NUMBER | |
| Classification number | TD193 |
| Item number | .S29 2003 c.1 |
| 100 ## - MAIN ENTRY--PERSONAL NAME | |
| Personal name | Sawyer, Clair N. |
| 245 ## - TITLE STATEMENT | |
| Title | Chemistry for Environmental Engineering and Science |
| Statement of responsibility, etc. | Clair N. Sawyer, Perry L. McCarty and Gene F. Parkin |
| 250 ## - EDITION STATEMENT | |
| Edition statement | 5th ed. |
| 260 ## - PUBLICATION, DISTRIBUTION, ETC. (IMPRINT) | |
| Place of publication, distribution, etc. | Boston |
| Name of publisher, distributor, etc. | McGrawHill |
| Date of publication, distribution, etc. | 2003 |
| 300 ## - PHYSICAL DESCRIPTION | |
| Extent | xv, 752p. |
| 650 ## - SUBJECT ADDED ENTRY--TOPICAL TERM | |
| Topical term or geographic name as entry element | Environmental Chemistry |
| 700 ## - ADDED ENTRY--PERSONAL NAME | |
| Personal name | McCarty, Perry L. |
| 700 ## - ADDED ENTRY--PERSONAL NAME | |
| Personal name | Parkin, Gene F. |
| 942 ## - ADDED ENTRY ELEMENTS (KOHA) | |
| Source of classification or shelving scheme | Library of Congress Classification |
| Koha item type | General Collection |
| Edition | 5th |
| Classification part | TD193 |
| Withdrawn status | Lost status | Source of classification or shelving scheme | Not for loan | Home library | Current library | Date acquired | Cost, normal purchase price | Total Checkouts | Full call number | Barcode | Date last seen | Copy number | Price effective from | Koha item type |
|---|---|---|---|---|---|---|---|---|---|---|---|---|---|---|
| Library of Congress Classification | Kabarak, Main Campus | Kabarak, Main Campus | 15/01/2019 | 3712.00 | QD31.2 .S29 2003 c.1 | 022044 | 14/08/2018 | c. 1 | 15/01/2019 | General Collection | ||||
| Library of Congress Classification | Kabarak, Main Campus | Kabarak, Main Campus | 15/01/2019 | 3712.00 | QD31.2 .S29 2003 c. 2 | 022045 | 14/08/2018 | c. 2 | 15/01/2019 | General Collection |